Mrs. Mortifee's mouse / (Record no. 5884)
[ view plain ]
| 000 -LEADER | |
|---|---|
| fixed length control field | 01233nam a22002777a 4500 |
| 001 - CONTROL NUMBER | |
| control field | 5884 |
| 003 - CONTROL NUMBER IDENTIFIER | |
| control field | FISKH |
| 005 - DATE AND TIME OF LATEST TRANSACTION | |
| control field | 20250130093112.0 |
| 008 - FIXED-LENGTH DATA ELEMENTS--GENERAL INFORMATION | |
| fixed length control field | 250130b cb ||||| |||| 00| 0 eng d |
| 020 ## - INTERNATIONAL STANDARD BOOK NUMBER | |
| International Standard Book Number | 9780006479475 |
| 040 ## - CATALOGING SOURCE | |
| Original cataloging agency | FISKH |
| Language of cataloging | eng |
| Transcribing agency | FISKH |
| Modifying agency | FISKH |
| 050 ## - LIBRARY OF CONGRESS CALL NUMBER | |
| Classification number | PZ7 |
| 082 ## - DEWEY DECIMAL CLASSIFICATION NUMBER | |
| Classification number | 412 |
| 100 ## - MAIN ENTRY--PERSONAL NAME | |
| Personal name | Hendry, Linda |
| 245 ## - TITLE STATEMENT | |
| Title | Mrs. Mortifee's mouse / |
| Statement of responsibility, etc. | Story and pictures by Linda Hendry |
| 260 ## - PUBLICATION, DISTRIBUTION, ETC. | |
| Place of publication, distribution, etc. | Toronto : |
| Name of publisher, distributor, etc. | Harper Collins, |
| Date of publication, distribution, etc. | 1992. |
| 300 ## - PHYSICAL DESCRIPTION | |
| Extent | 24 unnumbered pages : |
| Other physical details | color illustrations ; |
| Dimensions | 23 cm |
| 505 ## - FORMATTED CONTENTS NOTE | |
| Formatted contents note | F<br/> |
| 520 ## - SUMMARY, ETC. | |
| Summary, etc. | "Absolutely satisfying...this is a keeper". -- Quill & Quire starred reviewTake one pesky mouse, a woman whose middle name is perseverance and a big cat who's just a little wild; zing them together in a story where a spare and subtle text makes a wonderful foil for outrageously funny and absorbing illustrations, and you have Mrs. Mortifee's Mouse. Or, as Arlene Perly Rae of The Toronto Star wrote, a story "...bursting with detail, loaded with charm and infused with humor". |
| 521 8# - TARGET AUDIENCE NOTE | |
| Target audience note | 300<br/> |
| Source | Lexile estimate<br/> |
| 521 8# - TARGET AUDIENCE NOTE | |
| Target audience note | F<br/> |
| Source | Raz-Plus<br/> |
| 650 ## - SUBJECT ADDED ENTRY--TOPICAL TERM | |
| Topical term or geographic name entry element | Adventure |
| Form subdivision | Mice |
| General subdivision | Pets |
| 700 ## - ADDED ENTRY--PERSONAL NAME | |
| Personal name | Hendry, Linda |
| Relator term | illustrator |
| 942 ## - ADDED ENTRY ELEMENTS (KOHA) | |
| Source of classification or shelving scheme | Dewey Decimal Classification |
| Koha item type | Books |
| Suppress in OPAC | No |
| Withdrawn status | Lost status | Source of classification or shelving scheme | Damaged status | Not for loan | Collection | Home library | Current library | Shelving location | Date acquired | Total Checkouts | Full call number | Barcode | Date last seen | Date last checked out | Price effective from | Koha item type |
|---|---|---|---|---|---|---|---|---|---|---|---|---|---|---|---|---|
| Dewey Decimal Classification | Juvenile Fiction | Footprints International School Library Network Toul Kork Campus | Footprints International School Library Network Toul Kork Campus | TK Primary Library Room(4th Floor), Bookcase 7, Shelves 57-60, Dark Green Books | 01/30/2025 | 1 | HEN 412 PZ7 | FISBK05512 | 01/05/2026 | 11/10/2025 | 01/30/2025 | Books |
